00770 a2200133 4500003000500000005001700005040000900022082001400031100001800045245003700063260004400100300001400144505047800158Nust20230314104435.0 cNust a387.5,BAR aR.H Thoranton aBritish Shipping /cR.H.Thornton aLondonbCambridge universty pressc1945 avi:304,p; aThe Coming of System (Page-3), The Steam Packet Company (Page-24), Free Trade (Page-42), Progress (Page-59), The British Mercantile Marine (Page-75), Economic Nationalism (Page-95), The Ship ad its Job (Page-115), Sea Carriage (Page-128), Dockside (Page-144), The Ship (Page-162), The Office (Page-180), Passengers (Page-196), The Men (Page-211), Watch Keepers (Page-229), The Voyage (Page-247), Competition and Combination (Page-266), The Business of Shipowing (Page-284).